A Reseda lutea L. szaporodásbiológiája és növekedés-analízise

Elmentve itt :
Bibliográfiai részletek
Szerzők: Balázs Andrea
Rozik Éva
További közreműködők: Gazdagné Torma Mária (Témavezető)
Dokumentumtípus: Szakdolgozat
Megjelent: 1998
Kulcsszavak:Reseda lutea L.
Gyomnövények
Tárgyszavak:
Online Access:http://diploma.bibl.u-szeged.hu/100288
LEADER 00796nta a2200241 i 4500
001 dipl100288
005 20220107121600.0
008 211210s1998 hu om 0|| hun d
040 |a SZTE Diploma Repozitórium  |b hun 
041 |a hun 
100 1 |a Balázs Andrea 
245 1 2 |a A Reseda lutea L. szaporodásbiológiája és növekedés-analízise  |h [elektronikus dokumentum] /  |c Andrea Balázs 
260 |c 1998 
300 |a 54 
650 4 |a Agrár 
650 4 |a Agricultural sciences 
650 4 |a Animal and Dairy science 
650 4 |a Animal and dairy science 
695 |a Reseda lutea L. 
695 |a Gyomnövények 
700 2 |a Gazdagné Torma Mária  |e ths 
700 0 1 |a Rozik Éva  |e aut 
856 4 0 |u http://diploma.bibl.u-szeged.hu/id/eprint/100288/1/1998_balazs_andrea.pdf  |z Dokumentum-elérés